Представление документа в формате MARC21

ПолеНазваниеЗначение
  Тип записи a
  Библиографический уровень m
001 Контрольный номер RU/URAIT/493268
003 Принадлежность контрольного номера https://urait.ru/bcode/493268
005 Дата корректировки 20230117110118.9
008 Кодируемые данные
020 Индекс ISBN __
a ISBN 978-5-534-12657-0
c Цена, тираж 769.00
040 Источник каталогиз. __
a Служба первич. каталог. ИКО Юрайт
b Код языка каталог. rus
c Служба, преобразующая запись ИКО Юрайт
041 Код языка издания 0_
a Код языка текста rus
044 Код страны публикации __
a Код страны публикации RU
073 _1
a 9785534126570
d 769.00
080 Индекс УДК __
a Индекс УДК 658.6(075.8)
084 Индекс другой классификации/Индекс ББК __
a Индекс другой классификации/Индекс ББК 79.2я73
2 Источник индекса rubbk
091 Индексы/ коды __
a Индекс ББК (DOS) 79.2я73
z rubbk
100 Автор 1_
a Автор Фомичев В. И.
q Полное имя Владимир Иванович
230 __
a Электрон. дан.
245 Заглавие 00
a Заглавие Выставочное дело
b Продолж. заглавия учебник
c Ответственность В. И. Фомичев.
250 Сведения об издании __
a Основные сведения об издании 3-е изд.
b Дополнительные сведения об издании испр. и доп
260 Выходные данные 1_
a Место издания Москва
b Издательство Юрайт
c Дата издания 2022
300 Физическое описание __
a Объем 227 с
440 Серия _0
a Серия Высшее образование
500 Примечания __
a Примечание URL: https://urait.ru/bcode/493268 (дата обращения: 29.08.2022).
520 Аннотация __
a Аннотация Курс поможет студентам разобраться в различных аспектах выставочного дела. Выставка рассматривается в данном курсе как бизнес-проект, инструмент маркетинговых коммуникаций, отдельно рассмотрена художественная выставка. Автор уделяет особое внимание практическим рекомендациям по подготовке к выставке и работе в стендовой команде. Работа с курсом предполагает посещение реальных выставок. Соответствует актуальным требованиям Федерального государственного образовательного стандарта высшего образования. Предназначено для студентов высших учебных заведений, обучающихся по направлению «Выставочное дело».
538 Прим. о системных особенностях __
a Прим. о системных особенностях Режим доступа: Электронно-библиотечная система Юрайт, для авториз. пользователей
653 Ключевые слова 2_
a Ключевые слова Маркетинг
653 Ключевые слова 2_
a Ключевые слова Экономика и управление
653 Ключевые слова 2_
a Ключевые слова Выставочное дело
653 Ключевые слова 2_
a Ключевые слова Основы выставочной деятельности
653 Ключевые слова 2_
a Ключевые слова Выставочная деятельность
653 Ключевые слова 2_
a Ключевые слова Основы выставочного дела
653 Ключевые слова 2_
a Ключевые слова Экскурсионная и выставочная деятельность предприятий сервиса
653 Ключевые слова 2_
a Ключевые слова Экспозиционно-выставочная деятельность предприятий индустрии моды и красоты
653 Ключевые слова 2_
a Ключевые слова Экспозиционно-выставочная работа
856 Электронный адрес документа 40
n Местонахождение сервера Юрайт
g Электронная книга
q Тип электронного формата html
h Имя пользователя ЮРАЙТ
v Часы доступа к ресурсу 20231231
2 Способ доступа Показать документ
x Служебное примечание https://urait.ru/book/cover/A9F6131F-FA3E-4F6C-B3A0-BB6DCDA8F67D
u URL https://urait.ru/read/493268
856 Электронный адрес документа 41
q Тип электронного формата cover
u URL https://urait.ru/book/cover/A9F6131F-FA3E-4F6C-B3A0-BB6DCDA8F67D
952 Тип литературы __
c Вид литературы учебник